Najwyższe Szczyty Polskie W Tatrach - Statystyki

Ogólne statystyki
  • Ten quiz został rozwiązany 262 razy
  • Średni wynik to 5 z 20
Statystyki odpowiedzi
Wysokość Szczyt % Poprawnych
2499 Rysy
100%
2301 Świnica
79%
2291 Kozi Wierch
70%
2438 Mięguszowiecki Szczyt
62%
2410 Mięguszowiecki Szczyt Czarny
29%
2376 Cubryna
25%
2291 Żabi Koń
25%
2393 Mięguszowiecki Szczyt Pośredni
23%
2430 Niżnie Rysy
17%
2373 Wołowa Turnia
12%
2266 Kozie Czuby
10%
2262 Niebieska Turnia
10%
2372 Hińczowa Turnia
8%
2259 Żabi Szczyt Wyżni
7%
2247 Zawratowa Turnia
7%
2242 Buczynowa Strażnica
5%
2336 Żabia Turnia Mięguszowiecka
5%
2252 Spadowa Kopa
3%
2242 Czarne Ściany
2%
2280 Gąsienicowa Turnka
1%
Nie znaleziono quizów pasujących do podanych kryteriów
Rozkład punktacji
Procent ludzi z każdym wynikiem
Percentyl według liczby udzielonych odpowiedzi
Twoja historia wyników
Nie rozwiązałeś tego quizu